MARC

LEADER 00000nas a2200000 a 4500
001 ssj0001140
003 WaSeSS
005 20200512172242.0
006 m d
007 cr n
008 810730d19812017caumr p s o 0 a0eng c
010 |a  81649762  
016 |a (AMICUS)000002895141 
016 7 |a 990270-3  |2 DE-600 
016 7 |a 011113742  |2 Uk 
022 |l 0730-0158  |y 0730-0158 
032 |a 531730  |b USPS 
035 |a (WaSeSS)ssj0001140 
040 |a COA  |b eng  |c COA  |d DLC  |d NSD  |d NST  |d DLC  |d NSD  |d NST  |d AIP  |d NSD  |d NST  |d IUL  |d OCL  |d DLC  |d NST  |d COO  |d NSD  |d NST  |d WAU  |d NSD  |d DLC  |d SYS  |d GUA  |d HNK  |d CUS  |d OCLCQ  |d LVB  |d JED  |d OCLCQ  |d HEBIS  |d GEBAY  |d DLC  |d UKMGB  |d OCLCQ  |d OCLCF  |d OCLCO  |d ENG  |d I8M  |d OCLCO  |d TPA  |d OCLCO  |d UMC  |d OCLCO  |d MYG  |d DLC  |d XFH  |d OCLCQ  |d GUA  |d OCL  |d CSAIL  |d NLC  |d CSJ  |d OCLCO  |d OCLCQ  |d OCLCO  |d OCLCQ  |d CSA  |d GZM  |d HCO  |d NJB  |d OCLCO  |d CNO  |d OCLCQ  |d OCLCO  |d PAU  |d OCLCA  |d WaSeSS 
042 |a pcc  |a nsdp 
050 0 0 |a ML1  |b .C9153 
082 0 4 |a 786.1/05 
130 0 |a Keyboard (Cupertino, Calif.) 
210 0 |a Keyboard  |b (Cupertino Calif.) 
222 0 |a Keyboard  |b (Cupertino, Calif.) 
245 1 0 |a Keyboard  |h [electronic resource]. 
246 1 |i Also called:  |a Keyboard magazine 
260 |3 July 1981- :  |a [Cupertino, Calif.] :  |b [GPI Publications],  |c ©1981- 
260 2 |3 <May '90>-Sept. 2000 :  |a San Francisco, CA :  |b Miller Freeman Publications 
260 2 |3 Oct. 2000-<Mar. 2002> :  |a San Francisco, CA :  |b United Entertainment Media, Inc. 
260 3 |3 <Sept. 2010-> :  |a San Bruno, CA :  |b NewBay Media, LLC 
310 |a Monthly 
362 0 |a Vol. 7, no. 7 (July 1981)- 
362 1 |a Ceased with vol. 43, no. 3 (Mar. 2017)? 
500 |a Title from cover. 
500 |a Issue for Dec. is buyer's guide. 
506 |a License restrictions may limit access. 
525 |a Articles supplemented by separately numbered sound recordings: Soundpage, Nov. 1984?- 
580 |a Print version absorbed by Electronic musician after Mar. 2017 issue; continued as an online entity at www.keyboardmag.com. 
588 |a Latest issue consulted: Vol. 36, no. 9 (Sept. 2010) = #414. 
650 0 |a Piano  |v Periodicals. 
650 0 |a Electronic musical instruments  |v Periodicals. 
650 0 |a Music  |x Software  |v Periodicals. 
650 0 |a Computer music  |v Periodicals. 
650 6 |a Piano  |v Périodiques. 
650 6 |a Instruments à clavier électroniques  |v Périodiques. 
650 6 |a Piano  |x Informatique  |v Périodiques. 
650 7 |a Computer music.  |2 fast  |0 (OCoLC)fst00872274 
650 7 |a Electronic musical instruments.  |2 fast  |0 (OCoLC)fst00907371 
650 7 |a Music.  |2 fast  |0 (OCoLC)fst01030269 
650 7 |a Piano.  |2 fast  |0 (OCoLC)fst01063355 
650 7 |a Keyboard  |2 gnd 
655 0 |a Electronic journals. 
770 0 |t Soundpage  |w (DLC)sn 96048643  |w (OCoLC)14880383 
780 0 0 |t Contemporary keyboard  |x 0361-5820  |w (DLC) 76641315  |w (OCoLC)2246955 
785 0 1 |t Music technology buyer's guide  |x 1099-2839  |w (DLC) 98658666  |w (OCoLC)39020180 
785 0 4 |t Electronic musician  |x 0884-4720  |w (DLC) 86644307  |w (OCoLC)12382684 
850 |a AAP  |a AzU  |a CLSU  |a CLU  |a CSt  |a CU  |a CU-S  |a CU-SB  |a CaBVa  |a CaMBC  |a CaOLU  |a CaQMU  |a CoU  |a CtU  |a DLC  |a DeU  |a FU  |a IC  |a INS  |a IU  |a IaU  |a InU  |a KMK  |a KyU  |a LNT 
850 |a MB  |a MCM  |a MU  |a MdU  |a MiU  |a MnU  |a MoSW  |a NBuC  |a NN  |a NRU-Mus  |a NIC  |a NSyU  |a NcGU  |a NcU  |a NhD  |a NhU  |a NjR  |a OCU  |a OU  |a OrU  |a PBL  |a PPT  |a PPi  |a PSt  |a PU  |a TU  |a ULA  |a UU  |a ViBlbV  |a ViU  |a WaU  |a WvU 
853 3 3 |8 1  |a v  |b no.  |u 12  |v r  |g issue  |i (year)  |j (month)  |w m  |x 01 
856 4 0 |z Full text available from Research Library: 07/01/1998 to 03/31/2017  |u https://search.proquest.com/publication/37637 
863 4 0 |8 1.1  |a <13>  |b <8>  |g <136>  |i <1987>  |j <08>